00350nam a2200109Ia 4500008004100000100001800041245004900059500007000108650003800178942000700216999001700223181011s9999 xx 000 0 und d aGabriel Habib 0aPossibilities of Christian - Muslim Dialogue aThe Bulletin of Christian Institute of Islamic Studies April 1969 aInterfaith Relations and Dialogue cBR c21837d21837